Culture Générale - Série 1063 - Statistiques

Statistiques générales
  • Ce quiz a été pris 172 fois
  • Le résultat moyen est 8 sur 10
Statistiques - réponses
Question Réponse % Correct
Dans une course de voiliers appelée "transat", quel océan traverse-t-on ? Atlantique
100%
A quel pays l'élément "germano", utilisé pour former notamment des adjectifs composés, se rapporte-t-il ? Allemagne
98%
Je suis un abri pouvant être "à musique" dans un jardin public, ou "à journaux" dans la rue. Que suis-je ? kiosque
96%
De quelle chaîne de montagnes européenne le massif du Canigou fait-il partie ? Pyrénées
90%
Quelle ville, homonyme d'un chiffre, est le chef-lieu de l'Aube ? Troyes
83%
Quelle équipe nationale de football est surnommée "La Roja" ? Espagne
81%
Dans la famille d'artistes Renoir, quel est le prénom du père, le peintre né en 1841 ? Auguste
79%
'après la chanson, quel héros africain de film d'animation "n'est pas grand mais vaillant" ? Kirikou
66%
Comment appelle-on l'association, à l'époque romaine, de trois personnes qui exerçaient le pouvoir ? triumvirat
56%
Sur le site du parc de la Villette à Paris, on peut visiter la Cité de la Musique et la Cité des Sciences et de... l'Industrie
35%
Aucun quiz correspondant
Distribution des résultats
% des personnes avec chaque résultat
Percentile par nombre de réponses
Votre historique - résultats
Vous n’avez pas pris ce quiz